Agriculture and development <the> case for policy coherence

Gespeichert in:
Bibliographische Detailangaben
Format: Buch
Sprache:Englisch
Veröffentlicht: Paris OECD 2005
Schriftenreihe:<The> development dimension
Schlagworte:
Tags: Tag hinzufügen
Keine Tags, Fügen Sie das erste Tag hinzu!

MARC

LEADER 00000nam$a2200000$$$4500
001 0040633
005 20240315120341.8
020 |a 92-64-01334-2 
041 0 |a eng 
044 |a FR 
245 1 0 |a Agriculture and development  |b <the> case for policy coherence 
264 1 |a Paris  |b OECD  |c 2005 
300 |a 123 s. 
490 1 |a <The> development dimension 
830 0 |a <The> development dimension 
610 2 0 |a politika poľnohospodárska 
610 2 0 |a poľnohospodárstvo 
610 2 0 |a rozvoj hospodársky 
610 2 0 |a rozvoj regionálny 
610 2 0 |a obchod 
610 2 0 |a trh poľnohospodársky 
610 2 0 |a liberalizácia 
610 2 0 |a spolupráca hospodárska medzinárodná